000 00585nam a2200193Ia 4500
005 20260114185749.0
008 008 260114s9999 xx 000 0 eng d
020 _a9781350120808
037 _aEBOOK
040 _aCRL
_beng
_cCRL
041 _aeng
_2eng
084 _qCRL
100 _aDavid Roochnik
_9874110
245 0 _aEat, Drink, Think What Ancient Greece Can Tell Us about Food and Wine
260 _bBloomsbury
_c2020
856 _uhttps://doi.org/10.5040/9781350120808?locatt=label:secondary_bloomsburyCollections
942 _cEBOOK
999 _c1473046
_d1473046